แสดงรายละเอียดบรรณานุกรม
  กลับหน้าหลัก

Brief Record : Get Marc (ISO 2709) : E-mail record : QR code ปิดหน้าต่าง
E-books : เกี่ยวกับ Collections
LEADER 00000nama 2200000uu 4500
001    179480
003     ULIBM
008    040531s2539 th m m a000 0 tha d
020    974-898-134-7
041    tha
050    QU145 ภ921
100    ปราณีต ผ่องแผ้ว
245    โภชนศาสตร์ชุมชนในสังคมที่มีการเปลี่ยนแปลงภาวะเศรษฐกิจอย่างรวดเร็ว/บรรณาธิการ,ปราณีต ผ่องแผ้ว 001
260    กรุงเทพฯ ลิฟวิ่ง ทรานส์ มีเดีย 2539
300    489 หน้า
650    โภชนศาสตร์
998    1998-11-07
รายการนี้ยังไม่มีแท็ก
คุณยังไม่ได้ล็อกอิน คุณสามารถมีกิจกรรมร่วมกับเว็บไซต์ได้ แต่ต้องล็อกอินก่อน ::
  ล็อกอิน
ลำดับที่ ประเภท เลขเรียก สถานที่ สถานะ
- ไม่พบข้อมูล -
   [แสดง 1/1 รายการ]

รายการใกล้เคียง
    หัวเรื่อง [โภชนศาสตร์]

BibComment


ยังไม่เคยถูกคอมเมนท์

คอมเมนท์ทรัพยากรรายการนี้
  คอมเมนท์: โภชนศาสตร์ชุมชนใน..
Bib 179480

 
 
 

 Union Library Management : ULibM
Copyright 2026. All Rights Reserved.
скачать бесплатно без регистрации порно красивый секс HD Sex Hindi sex

xxx gou

xxxx

bfxxx

xxxwww

Секса Видео

xxxx

Секса Видео

detube

geilexxx

C99 Shell

worms shell

blod xxx video
Ebony Coed Rihanna Rimes Takes A Dick In Her Young Twat priyaa indian fuck anal and pusssy hardcore indian women xxx desi hardcore fucking part 1 bengalixxxcouple